Sports Quiz

Random Sports or NFL Quiz

NFL Who am I?(#1) Quiz Stats

Quiz not verified by Sporcle

Also try: Winningest Winners
Challenge
Share
Tweet
Score 0/25 Timer 05:00
0 Plays Today
Hint Player % Correct
I hold most of the WR records.Jerry Rice
96.9%
I was Peyton Manning's favorite WR.Marvin Harrison
95.7%
I hold the record for rushing yards in a Career.Emmitt Smith
94.9%
I was a 6th round pick but today, I am one of the best QB in history.Tom Brady
89.7%
I was a MVP Candidate on the Eagles in 2010.Michael Vick
84%
I filled in for Roethlisberger to start the 2010 season.Byron Leftwich
79.9%
I led my team to a AFC Conference game as a rookie.Mark Sanchez
72%
I been on 3 teams in 2010.Randy Moss
68.6%
I was traded to the Redskins by the Eagles.Donovan McNabb
59.8%
After a Long Career, becoming a record leader in yards in a career, I retired following the 2010 season. Brett Favre
58.3%
I was one of the best QB's in history without a super bowl ring.Dan Marino
55.9%
I hold the record for most rushing yards in a season.Eric Dickerson
52.7%
I was traded to the Cheifs from the Patriots. After being a back-up QB for Tom Brady, I start for the Chiefs. Matt Cassel
51.3%
Hint Player % Correct
I hold the record for most TD's in a season.LaDainian Tomlinson
48.3%
I started the year off with the redskins as a 2nd string but made my way to a first string QB.Rex Grossman
47.6%
I filled in for Matt Hasselbeck in week 17 to make the playoffs.Charlie Whitehurst
46.9%
After being a back-up for Fred Taylor, I started for a few years and made my way to one of the best HB's in the NFL.Maurice Jones-Drew
46.3%
I was coached by Mike Singletary and am one of he best LB in the NFL today.Patrick Willis
45.3%
After a long career with the Eagles, I was a free agent but then picked up as a back-up for for the 49ers. Brian Westbrook
41.7%
In the 2010 season, I was signed by the patriots.I am a HB and start in New England.Danny Woodhead
41.5%
In the 2010 play-offs, I made one of the greatest rushes in play-off history.Marshawn Lynch
37.5%
After a career being one of the greatest defensive line-man, I discuss football on the NFL network.Warren Sapp
29.9%
After being a back-up HB for Thomas Jones, I went to the Seahawks to be one of 3 good HB's.Leon Washington
24.4%
In the draft for the 2010 season, I was selected 2nd and had one of the best rookie seasons in history.Ndamukong Suh
23.1%
Being a undrafted NFL player, I started my career in the CFL but then went to the NFL and made myself into one of the best QB's in NFL history.Warren Moon
21.9%

You're not logged in!

Compare scores with friends on all Sporcle quizzes.
Sign Up with Email
OR
Log In

You Might Also Like...

Show Comments

Extras

Top Quizzes Today


Score Distribution

Your Account Isn't Verified!

In order to create a playlist on Sporcle, you need to verify the email address you used during registration. Go to your Sporcle Settings to finish the process.